The adventures of Robinson Crusoe / (Registro nro. 38309)
[ vista simple ]
| 000 -CABECERA | |
|---|---|
| campo de control de longitud fija | 00507nam a2200145 a 4500 |
| 001 - NÚMERO DE CONTROL | |
| campo de control | 000038819 |
| 005 - FECHA Y HORA DE LA ÚLTIMA TRANSACCIÓN | |
| campo de control | 20201002031401.0 |
| 008 - DATOS DE LONGITUD FIJA--INFORMACIÓN GENERAL | |
| campo de control de longitud fija | 130425s1979 xxua 000 0 spa d |
| 040 ## - FUENTE DE LA CATALOGACIÓN | |
| Centro catalogador/agencia de origen | DO-SdBNP |
| Lengua de catalogación | spa |
| Centro/agencia transcriptor | BNPHU |
| 100 1# - ENTRADA PRINCIPAL--NOMBRE DE PERSONA | |
| Nombre de persona | Defoe, Daniel, |
| Fechas asociadas al nombre | 1661?-1731 |
| 9 (RLIN) | 40733 |
| 245 10 - MENCIÓN DE TÍTULO | |
| Título | The adventures of Robinson Crusoe / |
| Mención de responsabilidad, etc. | Daniel Defoe ; with the color woodcuts of Pierre Falke. |
| 260 ## - PUBLICACIÓN, DISTRIBUCIÓN, ETC. | |
| Lugar de publicación, distribución, etc. | Pennsylvania, Estados Unidos : |
| Nombre del editor, distribuidor, etc. | Franklin Library, |
| Fecha de publicación, distribución, etc. | 1979. |
| 300 ## - DESCRIPCIÓN FÍSICA | |
| Extensión | 355 p. : |
| Otras características físicas | il. ; |
| Dimensiones | 24 cm. |
| 590 ## - NOTA LOCAL (RLIN) | |
| Nota local | Inventariado, 2019 /LP |
| Estado de retiro | Estado de pérdida | Restricciones de uso | No para préstamo | Código de colección | Localización permanente | Ubicación/localización actual | Ubicación en estantería | Fecha de adquisición | Número de inventario | Total de préstamos | Signatura topográfica completa | Código de barras | Fecha visto por última vez | Precio válido a partir de | Tipo de ítem Koha |
|---|---|---|---|---|---|---|---|---|---|---|---|---|---|---|---|
| Excluido de préstamo | Monografías: Libros y Folletos | Patrimonio Dominicano | Patrimonio Dominicano | Depósito | 25.04.2013 | LF1 | 38819-10 | 25.06.2020 | 25.06.2020 | No se presta |
